Loading...

Shuttling to the top /

Bibliographic Details
Main Author: Krishnaswami, V
Published: HarperCollins,
LEADER 00260 a2200085 4500
100 |a Krishnaswami, V 
245 |a Shuttling to the top / 
260 |b HarperCollins, 
999 |c 28803  |d 28803 
952 |0 0  |1 0  |2 ddc  |4 0  |7 -1  |9 39671  |a MAIN  |b MAIN  |d 2020-07-15  |e 9  |g 0.00  |r 2020-07-15  |v 0.00  |w 2020-07-15